Top UK 100 Girls Names of 2018 - Statistics

General Stats
  • This quiz has been taken 1,331 times
  • The average score is 52 of 100
Answer Stats
Hint Position Answer % Correct
1 - Olivia
90%
35 +2 Emma
88%
6 -1 Emily
86%
61 +19 Anna
84%
53 +9 Eliza
84%
15 +2 Charlotte
83%
3 - Amelia
81%
84 -11 Elizabeth
81%
33 -5 Hannah
79%
4 - Lily
79%
2 - Sophia
79%
14 +1 Sophie
79%
5 +1 Ava
78%
11 +3 Grace
77%
7 +4 Ella
76%
12 -4 Isabella
76%
81 -4 Rose
76%
9 - Mia
75%
47 +25 Sarah
75%
22 -1 Chloe
73%
45 +3 Ellie
73%
25 +11 Eva
73%
40 -8 Jessica
73%
43 +6 Lucy
73%
8 -1 Isla
71%
20 +3 Alice
70%
16 - Evie
68%
44 +7 Zoe
68%
21 +1 Daisy
67%
17 -5 Poppy
65%
13 -3 Isabelle
64%
31 +10 Rosie
64%
36 -7 Ruby
64%
96 New Victoria
64%
67 -27 Molly
63%
49 +15 Abigail
62%
26 -7 Evelyn
62%
18 +6 Ivy
62%
56 +2 Bella
61%
64 +5 Violet
61%
71 -10 Eleanor
60%
23 -10 Freya
60%
65 -6 Holly
60%
77 +15 Maria
59%
68 +3 Georgia
54%
30 +1 Maya
54%
38 +4 Millie
54%
62 -6 Zara
53%
19 +27 Elsie
52%
54 +1 Lola
52%
50 -20 Scarlett
52%
29 +10 Florence
51%
88 -13 Jasmine
51%
75 +12 Clara
50%
70 +19 Gracie
49%
66 +10 Harriet
49%
28 +7 Willow
49%
57 -19 Erin
48%
24 +2 Sienna
48%
10 +8 Aria
47%
27 - Harper
47%
89 New Iris
47%
37 -4 Layla
45%
52 +14 Penelope
45%
91 -8 Summer
45%
60 +3 Amber
44%
63 -3 Annabelle
44%
58 -5 Imogen
43%
87 -13 Amelie
42%
72 -27 Esme
42%
34 - Matilda
42%
46 +1 Maisie
41%
95 +2 Martha
40%
82 +9 Lara
39%
48 +6 Luna
39%
39 +5 Mila
39%
42 New Ada
36%
97 -18 Nancy
36%
80 +4 Lottie
33%
90 -4 Orla
33%
41 +2 Emilia
32%
85 +13 Arabella
29%
86 +4 Heidi
29%
51 -1 Thea
29%
99 -6 Felicity
26%
79 New Bonnie
25%
98 New Elena
25%
73 +22 Aurora
23%
59 -34 Darcie
23%
69 New Aaliyah
22%
100 New Eden
22%
74 -9 Lyla
22%
94 -24 Fatima
21%
55 +2 Maryam
19%
78 New Aisha
14%
92 -4 Robyn
14%
93 -15 Lexie
13%
32 -12 Pheobe
9%
83 New Kiara
8%
76 +9 Alya
5%
No matching quizzes found
Score Distribution
Percent of People with Each Score
Percentile by Number Answered
Your Score History
You have not taken this quiz